Stratified familialism: the care regime in India through the lens of childcare /

Salvato in:
Dettagli Bibliografici
Autore principale: Palriwala, Rajni
Altri autori: Neetha, N.
Natura: testo
Tags: Aggiungi Tag
Nessun Tag, puoi essere il primo ad aggiungerne!!

MARC

LEADER 00000 a a2200000 04500
001 44182
003
040
100 |a Palriwala, Rajni  
245 |a Stratified familialism:   |b the care regime in India through the lens of childcare /  |c Rajni Palriwala y Neetha N.  
700 |a Neetha, N.  
773 |g páginas 175-203 : tablas, gráficos  
999 |c 35895  |d 35895